000 01434nam a2200373 c 4500
003 BLK
005 20250423132644.0
008 180411b bul|||||r ||||||| ||bul||
010 _aKNG00195001000
020 _a978-954-28-2068-0
_bиздат.: Сиела Норма
040 _aBLK
041 _aBUL
_cBUL
072 7 _2bullib
_aН83
_xЧужда художествена литература Н
080 _aАмериканска литература (на САЩ)
_b821.111(73)
_x-993
_z821.111(73)-993
100 1 _aНин, Анаис
_eпърви автор
_9364322
139 _aНин, Анаис
_bН 79
245 1 0 _aДелтата на Венера
_bЕрот. разкази
_cАнаис Нин; прев. Юлия Чернева.
250 _a[3. изд.]
257 _aUSA
260 София
_bСиела Норма
_c2016
300 _a248 с.
_c21 см
380 _aX
500 _aОриг. загл. Delta of Venus / Anais Nin. - 1. изд. 1995 на изд. Хемус. ; В кн. означено 2. изд.
653 _aеротика
653 _aразкази
659 _aН
700 _aЧернева, Юлия Недкова
_d1955-
_9365526
852 _aЦб 282983
856 4 _qpdf
_u
856 4 _qpdf
_u
942 _cKNG
_n0
_06
944 _aCR
_c02.11.2016
_lРусанова Ирена
_k30542
944 _aED
_c16.12.2016
_lф /
_kЛюдмила_Стоянова
999 _c186007
_d186007